Suki Waterhouse - Johanna lyrics - Statistics

General Stats
  • This quiz has been taken 34 times
  • The average score is 130 of 167
Answer Stats
Hint Answer % Correct
a
100%
am
100%
are
100%
'cause
100%
have
100%
I
100%
I?
100%
Johanna,
100%
Johanna
100%
"Johanna,
100%
On
100%
Only
100%
tell
100%
the
100%
want
100%
Where
100%
Verse 3 Who
100%
ya,
100%
ya
100%
ya"
100%
you,
100%
you
100%
you?
100%
your
100%
all
80%
And
80%
and
80%
But
80%
Verse 1 Can't
80%
can't
80%
Couldn't
80%
couldn't
80%
eyes
80%
for
80%
her
80%
I'm
80%
in
80%
it
80%
looked
80%
me
80%
my
80%
Oh,
80%
said,
80%
then,
80%
to
80%
was
80%
crush,
60%
crush
60%
find
60%
happy
60%
hard,
60%
just
60%
night,
60%
no
60%
Now
60%
see
60%
so
60%
We
60%
we're
60%
about
40%
acting
40%
Bridge At
40%
breakfast?
40%
confused,
40%
confused
40%
danced
40%
dirty
40%
Electric
40%
ending
40%
got
40%
longer
40%
lucky
40%
meeting
40%
pretending
40%
Verse 2 Remember
40%
sad
40%
secrets
40%
told
40%
tough
40%
used
40%
Although
20%
complained
20%
drinking
20%
feeling
20%
heard
20%
least
20%
leaving
20%
lights,
20%
loved,
20%
strikes
20%
waitress
20%
being
0%
No matching quizzes found
Score Distribution
Percent of People with Each Score
Percentile by Number Answered
Your Score History
You have not taken this quiz